| 000 | 01073nas a2200313 4500 | ||
|---|---|---|---|
| 001 | BR2011004027 | ||
| 003 | BR-BrBNA | ||
| 005 | 20231205115455.0 | ||
| 007 | ta | ||
| 008 | 230509b bl.|||p| |||| 00| 00por d | ||
| 040 |
_aBR-BrBNA _bpor _cBiblioteca Nacional de Agricultura |
||
| 041 | _a(Pt) | ||
| 072 | _aH20; F02 | ||
| 100 | 1 | _aSoares, S.A.G. | |
| 100 | 1 | _aMariano, R. de L.R. | |
| 100 | 1 | _aCavalcante, U.M.T. | |
| 100 | 1 | _aMaia, L.C. | |
| 245 | 1 | _aEfeito de bactérias na germinação de fungos micorrízicos arbusculares e co-inoculação em mudas de abacaxizeiro | |
| 246 | 1 | _aEffect of bacteria on germination of a arbuscular mycorrizal fungi and their co-inoculation on pineapple seedlings | |
| 650 | _aABACAXI | ||
| 650 | _aANANAS COMOSUS | ||
| 650 | _aMUDA | ||
| 650 | _aBACTÉRIA NÃO PATOGÊNICA | ||
| 650 | _aFUNGO | ||
| 650 | _aMICORRIZA VESICULAR ARBUSCULAR | ||
| 773 | 0 |
_tRevista Caatinga (Brazil) _xISSN 0100-316X _g(Apr-Jun 2009), v. 22(2) p. 31-38 _wBR2011004027 |
|
| 909 |
_a202311 _bLúcia _c55 _dLúcia Elande |
||
| 942 |
_2AGRIS _n0 _cANA |
||
| 999 |
_c214000 _d214000 |
||